Divide y conquistarás

Gorde:
Xehetasun bibliografikoak
Egile Nagusiak: Clancy, Tom (Egilea), Pieczenik, Steve (Egilea), Rovin, Jeff (Egilea)
Formatua: Liburua
Hizkuntza:gaztelania
Argitaratua: Buenos Aires Sudamericana 2001
Saila:Serie Op-Center, 7
Gaiak:
Etiketak: Etiketa erantsi
Etiketarik gabe, Izan zaitez lehena erregistro honi etiketa jartzen!

MARC

LEADER 00000nam a2200000 a 4500
001 UCN4973
003 CL-VaPUC
008 010817e20010000AG |||||||||||||||||spa|d
082 0 4 |a 813  |b CLA  |2 21 
100 0 |a Clancy, Tom  |e author  |9 461104 
700 0 |a Pieczenik, Steve  |e author  |9 461105 
700 0 |a Rovin, Jeff  |e author  |9 461106 
245 1 0 |a Divide y conquistarás 
300 |a 254 p 
942 |c BK 
945 |d 20010817 00:00:00  |a cmena 
260 |a Buenos Aires  |b Sudamericana  |c 2001 
650 0 |a Novelas estadounidenses  |9 265217 
650 0 |a Literatura estadounidense  |9 317168 
650 7 |a INTRIGAS INTERNACIONALES  |2 CL-VaPUC  |9 461107 
650 7 |a NOVELAS PSICOLOGICAS  |2 CL-VaPUC  |9 461108 
583 |a last modification  |c 20010817 00:00:00  |k Rodrigo Vera 
490 0 |a Serie Op-Center, 7 
999 |c 296807  |d 296805 
952 |0 0  |1 0  |4 0  |6 813_000000000000000_CLA_2001  |7 0  |8 A  |9 350989  |a BIBING  |b BIBING  |d 2019-11-20  |i 3748022  |o 813 CLA 2001  |p 3748022  |r 2025-01-20  |w 2019-11-20  |y BK  |k CUI